LEADER 00962nam a2200217 4500 001 000000341276 003 CaOOAMICUS 005 20200728142404.0 008 200728s1860 it 000 u ita r 040 $aSeMil$bita 100 11$aFranco, Secondo,$c.$0(OLS)http://semarc/name/20790 245 03$aIl romano pontefice :$bragionamenti due /$cdel p. Secondo Franco recitati in Verona sul finir della quaresima del 1860. 250 $a3. Ed. 264 1$aVerona :$bStamperia vescovile Vicentini e Franchini,$c1860. 300 $a61 p. ;$c24 cm 650 4$aPapato - Potere temporale - Sec. 19.$0(OLS)http://semarc/subject/49356 850 $aSeMil 852 $aSeMil$W1$xVenegono$y1$m3Z V 18/8 FA$j220039$B232254$CSeMilBibl$Z2$F232254 $8I 996 $6245$aIl romano pontefice :$bragionamenti due$9(OLS)http://semarc/title/430304 996 $6264$aVerona :$bStamperia vescovile Vicentini e Franchini$9(OLS)http://semarc/publisher/59157 LEADER 01124nam a2200265 i 4500 001 000000085369 003 CaOOAMICUS 005 20130820000000.0 008 130820s1972 xx u000 u und u 013 $a57609 020 $a88-07- 040 $aSeMil$bita 100 1 $aBloch, Ernst,$d<1885-1977>.$0(OLS)http://semarc/name/6474 245 10$aAteismo nel cristianesimo. Per la religione dell'Esodo e del Regno /$cErnst Bloch. 260 $aMilano :$bFeltrinelli,$c1972. 300 $a335 p. 490 0 $aI fatti e le idee. Saggi e biografie ; collana diretta da Paolo Rossi 650 4$aAteismo.$0(OLS)http://semarc/subject/2022 650 4$aCristianesimo.$0(OLS)http://semarc/subject/425 830 2$aI fatti e le idee.$0(OLS)http://semarc/title/9191 850 $aSeMil 852 $aSeMil$W1$xVenegono$y1$m52 4 209B *$j49392$B49392$CSeMilBibl$Z2$F52968 $81 996 $6020$a88-07-$9(OLS)http://semarc/number/65729 996 $6245$aAteismo nel cristianesimo. Per la religione dell'Esodo e del Regno$9(OLS)http://semarc/title/131911 996 $6260$aMilano :$bFeltrinelli$9(OLS)http://semarc/publisher/30237